2025 AFL All Australian prediction - Statistics

General Stats
  • This quiz has been taken 97 times
  • The average score is 16 of 23
Answer Stats
Hint Answer % Correct
Foll Collingwood Nick Daicos
91%
C Carlton Patrick Cripps
89%
C Sydney Isaac Heeny
88%
B Carlton Jacob Weitering
84%
C Essendon Zack Merret
84%
Foll Western Bulldogs Marcus Bontempelli
83%
B Sydney Nick Blakey
83%
B GWS Sam Taylor
83%
F Adelaide Izak Rankine
80%
Foll Fremantle Caleb Serong
76%
HB Brisbane Dayne Zorko
75%
F Geelong Jeremy Cameron
74%
F GWS Jesse Hogan
74%
HB Collingwood Dan Houston
72%
HF Hawthorn Dylan Moore
72%
Sub Gold Coast Matt Rowell
67%
HF North Melbourne Harry Sheezel
63%
I/C West Coast Jake Waterman
53%
I/C Western Bulldogs Adam Treloar
47%
I/C Sydney Tom Papley
43%
I/C Essendon Darcy Parish
39%
HF Adelaide Ben Keays
37%
HB Sydney Oliver Florent
21%
No matching quizzes found
Score Distribution
Percent of People with Each Score
Percentile by Number Answered
Your Score History
You have not taken this quiz